Statistics for US Cities with population > 100K

Click here to take the quiz!

General Stats

  • This quiz has been taken 1,828 times
  • The average score is 143 of 294

Answer Stats

Rank City ST Est % Correct
1New YorkNY8.4M
99%
2Los AngelesCA3.9M
97%
4HoustonTX2.2M
96%
3ChicagoIL2.7M
96%
9DallasTX1.3M
95%
44MiamiFL417K
94%
5PhiladelphiaPA1.6M
94%
14San FranciscoCA837K
93%
24BostonMA645K
93%
8San DiegoCA1.4M
92%
21SeattleWA652K
92%
138JacksonMS172K
91%
40AtlantaGA447K
91%
6PhoenixAZ1.5M
91%
37Kansas CityMO467K
90%
168Kansas CityKS148K
90%
23WashingtonDC646K
90%
30Las VegasNV603K
90%
51New OrleansLA378K
89%
29PortlandOR609K
89%
27Oklahoma CityOK610K
89%
18DetroitMI688K
89%
10San JoseCA998K
89%
7San AntonioTX1.4M
89%
22DenverCO649K
89%
13JacksonvilleFL842K
88%
77OrlandoFL255K
88%
26BaltimoreMD622K
87%
11AustinTX885K
87%
58Saint LouisMO318K
86%
25NashvilleTN634K
86%
12IndianapolisIN843K
86%
16CharlotteNC792K
86%
46MinneapolisMN400K
86%
53TampaFL352K
85%
20MemphisTN653K
84%
15ColumbusOH822K
84%
48ClevelandOH390K
84%
110ColumbusGA202K
84%
35SacramentoCA479K
83%
19El PasoTX674K
83%
62PittsburghPA305K
81%
65CincinnatiOH297K
80%
17Fort WorthTX792K
80%
124Salt Lake CityUT191K
80%
73BuffaloNY258K
79%
31MilwaukeeWI599K
79%
43RaleighNC431K
79%
158SpringfieldMA153K
78%
93Baton RougeLA229K
78%
28LouisvilleKY609K
78%
230SpringfieldIL117K
78%
148SpringfieldMO164K
78%
101BirminghamAL212K
77%
42OmahaNE434K
77%
66Saint PaulMN294K
76%
90RenoNV233K
76%
98BoiseID214K
76%
45OaklandCA406K
76%
32AlbuquerqueNM556K
76%
262RichmondCA107K
75%
33TucsonAZ526K
75%
41Colorado SpringsCO439K
75%
99RichmondVA214K
75%
118Little RockAR197K
74%
200CharlestonSC127K
74%
34FresnoCA509K
74%
47TulsaOK398K
73%
104Des MoinesIA207K
72%
54HonoluluHI347K
72%
69NewarkNJ278K
72%
134ProvidenceRI177K
71%
83MadisonWI243K
71%
39Virginia BeachVA448K
71%
125TallahasseeFL186K
70%
72LincolnNE268K
70%
49WichitaKS386K
69%
36Long BeachCA469K
69%
192ColumbiaSC133K
68%
63AnchorageAK300K
68%
152SalemOR160K
68%
235ColumbiaMO115K
68%
38MesaAZ457K
67%
111MontgomeryAL201K
67%
212HartfordCT125K
66%
74Jersey CityNJ257K
66%
119AugustaGA197K
65%
179DaytonOH143K
65%
103RochesterNY210K
64%
246RochesterMN110K
64%
60Corpus ChristiTX316K
64%
122MobileAL194K
64%
67ToledoOH282K
64%
50ArlingtonTX379K
63%
180SavannahGA142K
62%
116AkronOH198K
60%
56AnaheimCA345K
60%
236LansingMI113K
60%
78Saint PetersburgFL249K
60%
202TopekaKS127K
60%
52BakersfieldCA363K
59%
61LexingtonKY308K
59%
123Grand RapidsMI192K
58%
102SpokaneWA210K
58%
139Fort LauderdaleFL172K
58%
82DurhamNC245K
58%
128KnoxvilleTN183K
58%
114AuroraIL199K
57%
59RiversideCA316K
57%
177SyracuseNY144K
57%
55AuroraCO345K
57%
76Fort WayneIN256K
56%
237FargoND113K
56%
100San BernardinoCA213K
55%
57Santa AnaCA334K
55%
272Green BayWI104K
55%
107TacomaWA203K
55%
68GreensboroNC279K
54%
147Sioux FallsSD164K
53%
81NorfolkVA246K
53%
195New HavenCT130K
52%
120AmarilloTX196K
50%
256BillingsMT109K
50%
84LubbockTX239K
49%
136ChattanoogaTN173K
49%
248ManchesterNH110K
49%
86Winston–SalemNC236K
49%
70PlanoTX274K
49%
233ProvoUT116K
49%
155EugeneOR159K
48%
229Ann ArborMI117K
48%
96North Las VegasNV226K
48%
115YonkersNY199K
48%
222AthensGA119K
46%
85IrvineCA236K
46%
211ConcordCA125K
46%
165AlexandriaVA148K
46%
64StocktonCA298K
46%
197WacoTX129K
46%
279BoulderCO103K
46%
129WorcesterMA182K
46%
95ScottsdaleAZ226K
46%
80LaredoTX248K
45%
240WilmingtonNC112K
45%
183PasadenaCA139K
44%
199Cedar RapidsIA128K
44%
159PasadenaTX152K
44%
291EriePA100K
44%
121GlendaleCA196K
43%
232PeoriaIL116K
43%
113ShreveportLA200K
43%
71HendersonNV270K
43%
87GlendaleAZ234K
43%
149PeoriaAZ162K
43%
214LafayetteLA124K
42%
75Chula VistaCA256K
42%
131BrownsvilleTX181K
41%
172BridgeportCT147K
41%
106FayettevilleNC204K
41%
105ModestoCA204K
41%
94IrvingTX228K
41%
130Newport NewsVA182K
40%
145VancouverWA167K
39%
220Santa ClaraCA120K
38%
224AllentownPA118K
38%
79ChandlerAZ249K
38%
143TempeAZ168K
36%
153LancasterCA159K
36%
160Fort CollinsCO152K
36%
286Las CrucesNM101K
36%
259PuebloCO108K
36%
264CambridgeMA107K
36%
188McAllenTX136K
35%
283DavenportIA102K
35%
108OxnardCA203K
35%
247OdessaTX110K
35%
88GarlandTX234K
34%
182OrangeCA139K
34%
133Santa ClaritaCA179K
34%
289South BendIN100K
34%
126HuntsvilleAL186K
34%
174HollywoodFL146K
34%
91ChesapeakeVA230K
34%
92GilbertAZ229K
34%
89HialeahFL233K
34%
215MidlandTX123K
33%
221AbileneTX120K
33%
97FremontCA224K
33%
209StamfordCT126K
32%
140Santa RosaCA171K
32%
190BellevueWA133K
32%
219EvansvilleIN120K
32%
164RockfordIL150K
32%
226BeaumontTX117K
31%
270Wichita FallsTX104K
31%
231BerkeleyCA116K
31%
280West Palm BeachFL102K
31%
225NormanOK118K
31%
204GainesvilleFL127K
31%
163CaryNC151K
30%
144OntarioCA167K
30%
137OceansideCA172K
30%
109FontanaCA203K
30%
257LowellMA108K
30%
175PatersonNJ145K
30%
203ElizabethNJ127K
30%
132Overland ParkKS181K
29%
117Huntington BeachCA197K
29%
169JolietIL147K
29%
294College StationTX100K
29%
252ClearwaterFL109K
28%
243Miami GardensFL111K
28%
281Santa MariaCA102K
28%
290LakelandFL100K
28%
146Cape CoralFL165K
28%
213KentWA124K
28%
127Grand PrairieTX183K
27%
292TylerTX100K
27%
166EscondidoCA148K
26%
157SalinasCA155K
26%
178MesquiteTX143K
26%
142Port Saint LucieFL171K
26%
278Broken ArrowOK103K
26%
187HamptonVA136K
26%
258VenturaCA108K
25%
112Moreno ValleyCA201K
25%
287San MateoCA101K
25%
277North CharlestonSC104K
25%
260High PointNC107K
25%
141Rancho CucamongaCA171K
25%
181ClarksvilleTN142K
25%
156PalmdaleCA157K
25%
198Thousand OaksCA128K
25%
274BurbankCA104K
24%
227IndependenceMO117K
24%
186FriscoTX136K
24%
176NapervilleIL144K
24%
223VallejoCA118K
24%
217DentonTX123K
24%
173LakewoodCO147K
24%
189WarrenMI134K
24%
167McKinneyTX148K
24%
162PomonaCA151K
23%
208Coral SpringsFL126K
23%
171TorranceCA147K
23%
216SurpriseAZ123K
22%
251Round RockTX109K
22%
245WestminsterCO110K
22%
228MurfreesboroTN117K
22%
276Pompano BeachFL104K
22%
218VictorvilleCA121K
22%
269EverettWA105K
22%
185KilleenTX137K
22%
266TemeculaCA106K
21%
282El CajonCA102K
21%
244CarlsbadCA110K
21%
154CoronaCA159K
21%
151Elk GroveCA161K
21%
191West Valley CityUT133K
21%
242InglewoodCA111K
21%
239Costa MesaCA112K
21%
150Pembroke PinesFL162K
21%
210Simi ValleyCA126K
21%
194Sterling HeightsMI131K
20%
275RichardsonTX104K
20%
253WaterburyCT109K
20%
170SunnyvaleCA147K
20%
250West JordanUT110K
20%
206RosevilleCA127K
20%
201VisaliaCA127K
19%
234El MonteCA115K
19%
196MiramarFL130K
19%
273Daly CityCA104K
19%
255FairfieldCA109K
19%
241ArvadaCO111K
19%
161HaywardCA151K
18%
285EdisonNJ101K
18%
267NorwalkCA106K
18%
268CentennialCO106K
18%
270Palm BayFL104K
18%
184FullertonCA138K
18%
205ThorntonCO127K
17%
293PearlandTX100K
17%
193OlatheKS131K
17%
135Garden GroveCA175K
17%
288LewisvilleTX101K
16%
249ElginIL110K
16%
263MurrietaCA107K
16%
254GreshamOR109K
15%
207CarrolltonTX126K
14%
261West CovinaCA107K
14%
265AntiochCA107K
14%
284RialtoCA101K
14%
238DowneyCA113K
13%

Score Distribution

Percentile by Number Answered

Percent of People with Each Score

Your Score History

You have not taken this quiz